000
00288nam a2200133 4500
008
181025b xxu||||| |||| 00| 0 eng d
020
_a
9781323294390
041
_a
eng
080
_a
540
100
_a
12
101
_a
KIM
245
_a
The Central Science
_c
Dahl,D.B
942
_2
ddc
_c
BK
999
_c
50891
_d
50891